Elektrická charakterizácia polovodičových štruktúr a prvkov

Uložené v:
Podrobná bibliografia
Hlavný autor: Šebok, Ján, 1985- (Autor)
Ďalší autori: Harmatha, Ladislav, 1948- (Vedúci práce)
Médium: Rukopis Kniha
Jazyk:Slovak
Vydavateľské údaje: Bratislava : STU v Bratislave FEI, 2009
Predmet:
Tagy: Pridať tag
Žiadne tagy, Buďte prvý, kto otaguje tento záznam!

MARC

LEADER 00000ntm a22000003a 4500
001 stu195468
005 20150617230028.0
008 091104s2009------------------------slo-d
040 |a STU  |b slo 
041 0 |a slo 
100 1 |a Šebok, Ján,  |d 1985-  |4 aut  |u E030  |U FEI Fakulta elektrotechniky a informatiky  |T FEI Ústav elektroniky a fotoniky  |X 11887  |U E030  |Y 549  |7 A000011887 
245 1 |a Elektrická charakterizácia polovodičových štruktúr a prvkov 
260 |a Bratislava :  |b STU v Bratislave FEI,  |c 2009 
300 |a 49 s 
650 7 |a elektronika  |2 stusub 
650 7 |a Mikroelektronika  |2 stusub 
650 7 |a polovodičové štruktúry  |2 stusub 
700 1 |a Harmatha, Ladislav,  |d 1948-  |4 ths  |u E030  |U FEI Fakulta elektrotechniky a informatiky  |T FEI Ústav elektroniky a fotoniky  |X 2055  |U E030  |Y 549  |7 A000002055